¿Quién cuida a los familiares que cuidan adultos mayores dependientes? /
Guardado en:
| Autor principal: | |
|---|---|
| Formato: | Texto |
| Etiquetas: |
Agregar Etiqueta
Sin Etiquetas, Sea el primero en etiquetar este registro!
|
MARC
| LEADER | 00000 a a2200000 04500 | ||
|---|---|---|---|
| 001 | 47689 | ||
| 003 | |||
| 040 | |||
| 100 | |a Comelin Fornés, Andrea del Pilar | ||
| 245 | |a ¿Quién cuida a los familiares que cuidan adultos mayores dependientes? / |c Andrea del Pilar Comelin Fornés | ||
| 773 | |g volumen19, número50, (2014), páginas 111-127 | ||
| 999 | |c 39057 |d 39057 | ||
